Social protest and popular movement in medieval Orissa (Record no. 24213)
[ view plain ]
| 000 -LEADER | |
|---|---|
| fixed length control field | 00314nam a2200109Ia 4500 |
| 008 - FIXED-LENGTH DATA ELEMENTS--GENERAL INFORMATION | |
| fixed length control field | 190716s9999 xx 000 0 und d |
| 082 ## - CLASSIFICATION NUMBER | |
| Call Number | TM-408# |
| 100 ## - AUTHOR NAME | |
| Author | Mallik, Basanta Kumar |
| 245 #0 - TITLE STATEMENT | |
| Title | Social protest and popular movement in medieval Orissa |
| 500 ## - GENERAL NOTE | |
| Remark 1 | Continued in Next Acc. No. MF549 |
| 942 ## - ADDED ENTRY ELEMENTS (KOHA) | |
| Koha item type | Micro-Film |
| Withdrawn status | Circulation Status | Home library | Current library | Entry Date | Accession Number | Koha item type |
|---|---|---|---|---|---|---|
| NASSDOC Library | NASSDOC Library | 16/07/2019 | MF548 | Micro-Film |
